| 000 -LEADER |
| fixed length control field |
00671nam a22002177a 4500 |
| 008 - FIXED-LENGTH DATA ELEMENTS--GENERAL INFORMATION |
| fixed length control field |
151026b xxu||||| |||| 00| 0 eng d |
| 020 ## - INTERNATIONAL STANDARD BOOK NUMBER |
| International Standard Book Number |
9780789737960 (pbk. w/cd) |
| 020 ## - INTERNATIONAL STANDARD BOOK NUMBER |
| International Standard Book Number |
0789737965 (pbk. w/cd) |
| 041 0# - LANGUAGE CODE |
| Language code of text/sound track or separate title |
eng |
| 080 ## - UNIVERSAL DECIMAL CLASSIFICATION NUMBER |
| Universal Decimal Classification number |
004.6 |
| 100 1# - Rafti |
| Rafti |
Harwood, Mike. |
| 245 10 - TITLE STATEMENT |
| Title |
Exam cram : |
| Statement of responsibility, etc |
Mike Harwood. |
| 246 30 - VARYING FORM OF TITLE |
| Title proper/short title |
CompTIA Network+ |
| 250 ## - |
| -- |
3rd ed. |
| 260 ## - |
| -- |
Indianapolis, Ind. : |
| -- |
Pearson, |
| -- |
2009. |
| 300 ## - |
| -- |
xviii, 628 f. : |
| -- |
me il.; |
| -- |
23 cm. + |
| -- |
1 CD-ROM (4 3/4 in.) |
| 650 #0 - |
| -- |
Rrjetat kompjuterike |
| 650 #0 - |
| -- |
Inxhinieria e telekomunikacionit |
| 650 #0 - |
| -- |
Përpunimi i të dhënave elektronike |
| 942 ## - ADDED ENTRY ELEMENTS (KOHA) |
| Source of classification or shelving scheme |
|
| Item type |
Books |